000
00325nam a2200133Ia 4500
008
240624s9999 xx 000 0 und d
041
_a
eng
082
_a
332.9 SWA
100
_a
SWAMY SUBRAMANIAN
245
_a
2G SPECTRUM SCAM
260
_c
2011
_a
New Delhi
_b
Har-Anand Publications
300
_a
304 : p.
365
_c
RS
_b
25
999
_c
17827
_d
17827